Statistics for Dog Breeds by Picture - Utility Group

Click here to take the quiz!

General Stats

  • This quiz has been taken 145 times
  • The average score is 11 of 16

Answer Stats

Answer% Correct
Chow Chow
94%
Dalmatian
92%
Bulldog
90%
Poodle
90%
Boston Terrier
81%
French Bulldog
81%
Akita
74%
Schnauzer
72%
Shar Pei
72%
Shiba Inu
72%
Shih Tzu
64%
Keeshond
42%
Lhasa Apso
40%
Xoloitzcuintle
34%
Tibetan Terrier
33%
Tibetan Spaniel
25%

Score Distribution

Percentile by Number Answered

Percent of People with Each Score

Your Score History

You have not taken this quiz